| 000 | 01192nam a2200325 a 4500 | ||
|---|---|---|---|
| 001 | 000108787 | ||
| 003 | CHAP | ||
| 005 | 20220329144025.0 | ||
| 008 | 140312s2012 mx sm |||||||spa d | ||
| 010 | _a105249 | ||
| 011 | _a106221 | ||
| 040 | _cCHAP | ||
| 090 | _aTesis | ||
| 100 | 1 |
_aOrtíz Méndez, Irma _9125847 |
|
| 245 | 1 | 0 |
_aMorfometría radical y crecimiento de cupressus sempervirens l. y sus respuestas al ácido indolbutírico _h[En línea] _cpor Irma Ortíz Méndez. |
| 260 |
_aChapingo, Méx. : _bEl autor, _c2012. |
||
| 500 | _aPara ver el contenido del material haga clic en la liga | ||
| 502 | _aTesis (Ing. Agr. Esp. en Restauración Forestal) -- UACH. División de Ciencias Forestales | ||
| 590 |
_aBATCH-UPD _b05 _c20140324 _lUCH01 _h1536 |
||
| 590 |
_aBATCH-UPD _b05 _c20141002 _lUCH01 _h0857 |
||
| 590 |
_aE5765TAJ _b05 _c20140312 _lUCH01 _h0900 |
||
| 590 |
_aE5765TAJ _b05 _c20140312 _lUCH01 _h0901 |
||
| 650 | 1 | 4 |
_aCiprés _xCrecimiento. _923348 |
| 650 | 1 | 4 |
_aEnraizamiento. _937013 |
| 650 | 1 | 4 |
_aPlantas _xCrecimiento _xAditivos. _988804 |
| 856 |
_aFinding aid _uhttp://10.13.5.2/tesis/sist108787.pdf _zTeclea aquí |
||
| 901 | _aBK | ||
| 942 | _cTESIS | ||
| 942 | _n0 | ||
| 999 |
_c105249 _d105249 |
||